LEADER 01207nam a2200229 i 4500 001 000000032044 003 CaOOAMICUS 005 20230418112533.0 008 180830s1727 it u000 u ita u 040 $aSeMil$bita 100 1 $aMartinelli, Giorgio Maria,$d<1655-1727>.$0(OLS)http://semarc/name/14780 245 13$aLe vie dello spirito, battute con molti nuovi pensieri, utili, e necessarjall'adempimento delle ecclesiastiche obbligazioni, opera di Giorgio Maria Martinelli ... Tomo 1. [-2.]. 260 $aIn Venezia :$bNella Stamperia di Sebastiano Coleti,$c1727. 300 $a2 v. ;$c12°. 500 $aIniz. xilogr. 650 4$aApologetica - Opere anteriori al 1900.$0(OLS)http://semarc/subject/2578 700 1 $aColeti, Sebastiano,$c.$0(OLS)http://semarc/name/8481 774 0 $tTomo 1.$g1$w()128626 774 0 $tTomo 2.$g2$w()242775 996 $6245$aLe vie dello spirito, battute con molti nuovi pensieri, utili, e necessarjall'adempimento delle ecclesiastiche obbligazioni, opera di Giorgio Maria Martinelli ... Tomo 1. [-2.]$9(OLS)http://semarc/title/43473 996 $6260$aIn Venezia :$bNella Stamperia di Sebastiano Coleti$9(OLS)http://semarc/publisher/39139 LEADER 00953nam a2200217 i 4500 001 000000115241 003 CaOOAMICUS 005 20030516000000.0 008 030516s1984 it u000 u ita u 013 $a87930 040 $aSeMil$bita 100 1 $aOgnibeni, Bruno.$0(OLS)http://semarc/name/48141 245 10$aRiconciliazione cristiana e comunità degli uomini :$bcontributi per un dibattito /$cOgnibeni ... [et al.]. 260 $aMilano :$bEDIT Editoriale Italiana,$c1984. 300 $a138 p. ;$c20 cm. 650 4$aPenitenza .$0(OLS)http://semarc/subject/3014 850 $aSeMil 852 $aSeMil$W1$xVenegono$y1$m2F III 432$j70772$B70772$CSeMilBibl$Z2$F75422 $81 961 $aLascito: Ciapparella don Eligio 996 $6245$aRiconciliazione cristiana e comunità degli uomini :$bcontributi per un dibattito$9(OLS)http://semarc/title/168725 996 $6260$aMilano :$bEDIT Editoriale Italiana$9(OLS)http://semarc/publisher/42522